000 00368nam a2200157Ia 4500
008 100204s9999 xx 000 0 und d
082 _b27865
100 _aकणेकर शिरिष
245 _aमेतकुट
250 _a0
260 _c2007
300 _a260
630 _aमेतकुट
730 _aमेतकुट
942 _cBOOK
999 _c473045
_d473042